Felsőoktatási akkreditáció Németországban
Elmentve itt :
| Szerző: | |
|---|---|
| Dokumentumtípus: | Cikk |
| Megjelent: |
2003
|
| Sorozat: | Iskolakultúra
13 No. 12 |
| Online Access: | http://misc.bibl.u-szeged.hu/39791 |
| LEADER | 00574nab a2200169 i 4500 | ||
|---|---|---|---|
| 001 | misc39791 | ||
| 005 | 20191106140822.0 | ||
| 008 | 180709s2003 hu o 0|| zxx d | ||
| 022 | |a 1215-5233 | ||
| 040 | |a SZTE Miscellanea Repozitórium |b hun | ||
| 041 | |a zxx | ||
| 100 | 1 | |a Rébay Magdolna | |
| 245 | 1 | 0 | |a Felsőoktatási akkreditáció Németországban |h [elektronikus dokumentum] / |c Rébay Magdolna |
| 260 | |c 2003 | ||
| 300 | |a 84-95 | ||
| 490 | 0 | |a Iskolakultúra |v 13 No. 12 | |
| 856 | 4 | 0 | |u http://misc.bibl.u-szeged.hu/39791/1/EPA00011_iskolakultura_2003_12_084-095.pdf |z Dokumentum-elérés |